<?xml version="1.0" encoding="UTF-8"?><?xml-stylesheet type="text/xsl" href="static/style.xsl"?><OAI-PMH xmlns="http://www.openarchives.org/OAI/2.0/" xmlns:xsi="http://www.w3.org/2001/XMLSchema-instance" xsi:schemaLocation="http://www.openarchives.org/OAI/2.0/ http://www.openarchives.org/OAI/2.0/OAI-PMH.xsd"><responseDate>2026-06-02T16:17:40Z</responseDate><request verb="GetRecord" identifier="oai:riuma.uma.es:10630/24566" metadataPrefix="marc">https://riuma.uma.es/rest/oai/request</request><GetRecord><record><header><identifier>oai:riuma.uma.es:10630/24566</identifier><datestamp>2026-02-03T11:03:04Z</datestamp><setSpec>com_10630_2254</setSpec><setSpec>col_10630_37953</setSpec></header><metadata><record xmlns="http://www.loc.gov/MARC21/slim" xmlns:dcterms="http://purl.org/dc/terms/" xmlns:doc="http://www.lyncode.com/xoai" xmlns:xsi="http://www.w3.org/2001/XMLSchema-instance" xsi:schemaLocation="http://www.loc.gov/MARC21/slim http://www.loc.gov/standards/marcxml/schema/MARC21slim.xsd">
   <leader>00925njm 22002777a 4500</leader>
   <datafield ind2=" " ind1=" " tag="042">
      <subfield code="a">dc</subfield>
   </datafield>
   <datafield ind2=" " ind1=" " tag="720">
      <subfield code="a">Atindogbé, Cyriaque</subfield>
      <subfield code="e">author</subfield>
   </datafield>
   <datafield ind2=" " ind1=" " tag="720">
      <subfield code="a">Gutiérrez-López, Manuel</subfield>
      <subfield code="e">author</subfield>
   </datafield>
   <datafield ind2=" " ind1=" " tag="720">
      <subfield code="a">Hounnonkpe, Raymond</subfield>
      <subfield code="e">author</subfield>
   </datafield>
   <datafield ind2=" " ind1=" " tag="720">
      <subfield code="a">Olea, Benjamín</subfield>
      <subfield code="e">author</subfield>
   </datafield>
   <datafield ind2=" " ind1=" " tag="260">
      <subfield code="c">2022-08</subfield>
   </datafield>
   <datafield ind2=" " ind1=" " tag="520">
      <subfield code="a">The aim of this paper is to show how we can induce contact structures, contact metric structures and Sasaki structures on a null hypersurface from a rigging vector field. We give several explicit examples of this construction and some obstructions to its existence. For example, contact metric structures can be introduced only on zero null mean curvature null hypersurfaces, whereas Sasaki structures can only be introduced in totally geodesic ones. In particular we show how we can construct a Kähler halo around an isolated horizon of a black hole. We also study the stability of the construction. We prove that close enough contact metric (resp. Sasaki) structures can be connected by a one parameter family of contact metric (resp. Sasaki) structures. Funding for open access charge: Universidad de Málaga / CBUA</subfield>
   </datafield>
   <datafield ind1="8" ind2=" " tag="024">
      <subfield code="a">Cyriaque Atindogbé, Manuel Gutiérrez, Raymond Hounnonkpe, Benjamín Olea, Contact structures on null hypersurfaces, Journal of Geometry and Physics, Volume 178, 2022, 104576, ISSN 0393-0440, https://doi.org/10.1016/j.geomphys.2022.104576.</subfield>
   </datafield>
   <datafield ind1="8" ind2=" " tag="024">
      <subfield code="a">https://hdl.handle.net/10630/24566</subfield>
   </datafield>
   <datafield ind1="8" ind2=" " tag="024">
      <subfield code="a">https://doi.org/10.1016/j.geomphys.2022.104576</subfield>
   </datafield>
   <datafield tag="653" ind2=" " ind1=" ">
      <subfield code="a">Hipersuperficies</subfield>
   </datafield>
   <datafield ind2="0" ind1="0" tag="245">
      <subfield code="a">Contact structures on null hypersurfaces</subfield>
   </datafield>
</record>
</metadata></record></GetRecord></OAI-PMH>